00285nam a2200109Ia 4500008004100000082001500041100001700056245002800073260003100101300000800132650003500140191201s2011 xx 000 0 und d a070.4bKAP aKAMATH, M.V. 0aProfessional Journalism aNew DelhibVikas Pubc2021 a275 aBachelor of Mass Communication